000
00264nam a22001097a 4500
008
170104b xxu||||| |||| 00| 0 eng d
020
_a
0935890769
041
_a
eng
080
_2
5TH ED.
_a
618.2
245
_a
Trauma Nursing Core Course
_c
Jacobs, B.B
942
_2
udc
_c
BK
999
_c
2528
_d
2528